000 00698nam a2200289Ia 4500
005 20260324133821.0
008 008 260324s9999 xx 000 0 eng d
020 _a9780203988756
037 _aEBOOK
040 _aCRL
040 _beng
040 _cCRL
041 _2eng
041 _aeng
084 _qCRL
100 _aJohn Inglis
_91194512
245 0 _aMedieval Philosophy and the Classical Tradition
245 0 _bIn Islam, Judaism and Christianity
260 _bTaylor and Francis
260 _c2002
365 _a
365 _b255
856 _uhttp://www.taylorfrancis.com/books/9780203988756
942 _cEBOOK
999 _c1793945
_d1793945